[Event "Lloyds Bank Masters 18th"]
[Site "London"]
[Date "1994.08.29"]
[Round "10"]
[White "Gurevich, Dmitry"]
[Black "De la Villa Garcia, Jesus Maria"]
[Result "1-0"]
[WhiteElo "2535"]
[BlackElo "2490"]
[PlyCount "55"]
[EventDate "1994.08.20"]
[EventType "swiss"]
[EventRounds "10"]
[EventCountry "ENG"]
[SourceTitle "BritBase"]

1. c4 Nf6 2. Nc3 c5 3. g3 d5 4. cxd5 Nxd5 5. Bg2 Nc7 6. Qa4+ Qd7 7. Qxd7+ Nxd7
8. d3 Rb8 9. Nf3 e5 10. O-O b6 11. a4 a6 12. Nd2 Bb7 13. Bxb7 Rxb7 14. Nc4 Be7
15. f4 exf4 16. Bxf4 f6 17. Rf3 Kf7 18. Re3 Ne6 19. Ne4 Ra7 20. Ned6+ Bxd6 21.
Nxd6+ Ke7 22. Nf5+ Kf7 23. Nd6+ Ke7 24. b4 cxb4 25. d4 g5 26. d5 Ndc5 27. Nf5+
Ke8 28. Bd6 1-0

[Event "Lloyds Bank Masters 18th"]
[Site "London"]
[Date "1994.08.29"]
[Round "10"]
[White "Hassabis, Demis"]
[Black "Levitt, Jonathan"]
[Result "0-1"]
[WhiteElo "2260"]
[BlackElo "2425"]
[PlyCount "70"]
[EventDate "1994.08.20"]
[EventType "swiss"]
[EventRounds "10"]
[EventCountry "ENG"]
[SourceTitle "BritBase"]

1. d4 c5 2. c3 e6 3. Nf3 Nf6 4. Bg5 h6 5. Bh4 Nc6 6. e3 cxd4 7. cxd4 Qb6 8. Qc1
d5 9. Be2 Ne4 10. Nc3 Bb4 11. O-O f5 12. Nxe4 fxe4 13. Nd2 O-O 14. Bg3 Bd7 15.
Kh1 Rac8 16. Qd1 Ne7 17. a3 Bd6 18. Bxd6 Qxd6 19. Qb3 Qc6 20. Rad1 b6 21. Bg4
Nf5 22. f3 exf3 23. Rxf3 Qb5 24. Bxf5 exf5 25. Rdf1 Qxb3 26. Nxb3 Rc2 27. R1f2
Rxf2 28. Rxf2 Re8 29. Rf3 f4 30. Kg1 fxe3 31. Kf1 Bg4 32. Rg3 Re4 33. Ke1 a5
34. h3 Bh5 35. a4 Kh7 0-1

[Event "Lloyds Bank Masters 18th"]
[Site "London"]
[Date "1994.08.29"]
[Round "10"]
[White "Hodgson, John H"]
[Black "Ravi, Thandalam S"]
[Result "1/2-1/2"]
[WhiteElo "2250"]
[BlackElo "2385"]
[PlyCount "104"]
[EventDate "1994.08.20"]
[EventType "swiss"]
[EventRounds "10"]
[EventCountry "ENG"]
[SourceTitle "BritBase"]

1. e4 c6 2. d4 d5 3. exd5 cxd5 4. Bd3 Nc6 5. c3 Nf6 6. Bf4 Bg4 7. Qb3 Qc8 8.
Nd2 e6 9. Ngf3 Bh5 10. Ne5 Nxe5 11. Bxe5 Nd7 12. Bg3 Bg6 13. Be2 Be7 14. Nf3
O-O 15. O-O a6 16. a4 Qc6 17. Ne5 Nxe5 18. Bxe5 Bd6 19. Bxd6 Qxd6 20. a5 Rab8
21. Qa3 Qf4 22. Rfe1 h5 23. Qb3 h4 24. Qd1 Rfc8 25. Qc1 Qxc1 26. Rexc1 Kf8 27.
Kf1 Ke7 28. Ke1 Kd6 29. Kd2 f6 30. f4 Be4 31. Rg1 Rh8 32. Bd3 Bxd3 33. Kxd3 Rh5
34. Rae1 Rf5 35. g3 hxg3 36. hxg3 g5 37. Ke3 Rh8 38. Rh1 gxf4+ 39. gxf4 Rfh5
40. Rxh5 Rxh5 41. Rg1 Rh3+ 42. Kd2 Rh2+ 43. Kc1 Re2 44. Rg7 Kc6 45. Re7 f5 46.
Kd1 Re4 47. Kd2 b6 48. axb6 Kxb6 49. b3 a5 50. Re8 Kc6 51. Ra8 Rxf4 52. Rxa5
Rf2+ 1/2-1/2

[Event "Lloyds Bank Masters 18th"]
[Site "London"]
[Date "1994.08.29"]
[Round "10"]
[White "Ivanov, Alexander"]
[Black "Alterman, Boris"]
[Result "0-1"]
[WhiteElo "2575"]
[BlackElo "2585"]
[PlyCount "132"]
[EventDate "1994.08.20"]
[EventType "swiss"]
[EventRounds "10"]
[EventCountry "ENG"]
[SourceTitle "BritBase"]

1. e4 c5 2. Nf3 d6 3. Bb5+ Nd7 4. d4 cxd4 5. Qxd4 h6 6. Nc3 e5 7. Qd3 Ngf6 8.
O-O Be7 9. Nd2 O-O 10. Bxd7 Bxd7 11. Nc4 Be6 12. Rd1 Qc7 13. Ne3 Rac8 14. Bd2
a6 15. Rac1 Qb6 16. b3 Qd4 17. Be1 Qxd3 18. Rxd3 b5 19. Ncd5 Nxd5 20. Nxd5 Bg5
21. Bd2 Bxd2 22. Rxd2 Bxd5 23. Rxd5 Rc6 24. c3 f5 25. exf5 Rxf5 26. Kf1 Kf7 27.
Ke2 Ke6 28. Rcd1 Rg5 29. Kf1 Rg4 30. f3 Rf4 31. Ke2 g5 32. h3 h5 33. R5d3 Rf7
34. Ra1 Rfc7 35. Rad1 Rg7 36. Rh1 d5 37. Rhd1 Rd7 38. Kd2 Rdc7 39. Ke2 Rd6 40.
Kd2 a5 41. Re1 Kf6 42. Rde3 Re7 43. Rd3 Rdd7 44. Rc1 Ke6 45. a3 Rc7 46. Re1 Rc8
47. Rde3 Kd6 48. Rd3 Rec7 49. Re2 a4 50. b4 Rc4 51. Rde3 Re8 52. Re1 Re6 53.
Rd3 d4 54. g3 Kd5 55. Re4 Rec6 56. cxd4 exd4 57. Re8 Rc2+ 58. Kd1 Rc1+ 59. Ke2
R6c2+ 60. Rd2 Rxd2+ 61. Kxd2 Rc3 62. Rg8 Rxa3 63. Rxg5+ Kc4 64. f4 Ra2+ 65. Kc1
Rf2 66. Rxh5 a3 0-1

[Event "Lloyds Bank Masters 18th"]
[Site "London"]
[Date "1994.08.29"]
[Round "10"]
[White "Jonsson, Hans"]
[Black "Arkell, Keith C"]
[Result "1/2-1/2"]
[WhiteElo "2390"]
[BlackElo "2470"]
[PlyCount "159"]
[EventDate "1994.08.20"]
[EventType "swiss"]
[EventRounds "10"]
[EventCountry "ENG"]
[SourceTitle "BritBase"]

1. e4 c6 2. c4 d5 3. cxd5 cxd5 4. exd5 Nf6 5. Bb5+ Nbd7 6. Nc3 a6 7. Qa4 Rb8 8.
Bxd7+ Qxd7 9. Qf4 Ra8 10. Nf3 Nxd5 11. Nxd5 Qxd5 12. O-O g6 13. Re1 Bg7 14. d4
Be6 15. Bd2 O-O 16. Qh4 f6 17. Re3 Rfc8 18. Rae1 Rc6 19. a3 a5 20. Bc3 Bf8 21.
Nd2 Bf7 22. Ne4 b6 23. g4 h6 24. f4 b5 25. g5 b4 26. axb4 axb4 27. Bxb4 f5 28.
Nf2 h5 29. Bc3 Bg7 30. Qg3 e6 31. Qf3 Qxf3 32. Rxf3 Rd6 33. Rd3 Be8 34. Kg2
Bc6+ 35. Kg3 Bd5 36. Rd2 Bc4 37. Kf3 Rb6 38. Nd3 Bd5+ 39. Ke3 Kh7 40. Rdd1 Rba6
41. Nb4 R6a7 42. Nxd5 exd5 43. Kd3 Bf8 44. Re6 Rd7 45. Rde1 Bd6 46. Ke3 Ra4 47.
Kf3 Bb4 48. Rc6 Bxc3 49. bxc3 Ra2 50. Re2 Ra1 51. Ree6 Rf1+ 52. Kg2 Rxf4 53.
Rxg6 Rg4+ 54. Kf3 Rh4 55. Rgd6 Rxd6 56. Rxd6 Rxh2 57. Kf4 Rf2+ 58. Ke5 Kg7 59.
Kxd5 Rg2 60. Ke5 Rxg5 61. Ra6 h4 62. Ra2 h3 63. Rh2 Rg3 64. c4 Rc3 65. c5 Kg6
66. d5 Rxc5 67. Rxh3 Rc1 68. d6 Re1+ 69. Kd5 Rd1+ 70. Kc6 Rc1+ 71. Kd7 Rd1 72.
Ke7 f4 73. d7 Kf5 74. Rh6 Re1+ 75. Kd6 Rd1+ 76. Kc7 Rxd7+ 77. Kxd7 f3 78. Rh8
Ke4 79. Rf8 Ke3 80. Rxf3+ 1/2-1/2

[Event "Lloyds Bank Masters 18th"]
[Site "London"]
[Date "1994.08.29"]
[Round "10"]
[White "Kaminski, Marcin"]
[Black "Chandler, Murray G"]
[Result "1-0"]
[WhiteElo "2440"]
[BlackElo "2545"]
[PlyCount "125"]
[EventDate "1994.08.20"]
[EventType "swiss"]
[EventRounds "10"]
[EventCountry "ENG"]
[SourceTitle "BritBase"]

1. e4 c5 2. Nf3 e6 3. d4 cxd4 4. Nxd4 Nf6 5. Nc3 Nc6 6. Ndb5 d6 7. Bf4 e5 8.
Bg5 a6 9. Na3 b5 10. Nd5 Be7 11. Bxf6 Bxf6 12. c3 O-O 13. Nc2 Rb8 14. Bd3 Bg5
15. O-O Be6 16. a4 bxa4 17. Ndb4 Ne7 18. Bxa6 Bb3 19. Qe2 Qc7 20. Na3 d5 21.
Bd3 dxe4 22. Qxe4 f5 23. Bc4+ Kh8 24. Qe2 Rbd8 25. Bxb3 axb3 26. Qc4 Qb7 27.
Nb5 Ng6 28. Rfd1 Nf4 29. Nc6 Rc8 30. Rd6 Be7 31. Ra7 Ra8 32. Rxa8 Rxa8 33. h3
h6 34. Qf7 Qxb5 35. c4 Qb7 36. Qxe7 Qxe7 37. Nxe7 Ra1+ 38. Kh2 Rc1 39. g3 Nh5
40. Ng6+ Kh7 41. Nxe5 Rc2 42. Nd3 Nf6 43. Rb6 Ne4 44. Kg2 Rxc4 45. Rxb3 Rc2 46.
Ra3 Rd2 47. Kf3 g5 48. Ke3 Rc2 49. Ra7+ Kg8 50. Ra5 Nd6 51. Kd4 Kf7 52. Rc5 Re2
53. Rd5 Re4+ 54. Kc5 Nb7+ 55. Kc6 Ke6 56. b3 Re2 57. Nb4 Re4 58. Nc2 h5 59.
Nd4+ Rxd4 60. Rxd4 Na5+ 61. Kb5 Nxb3 62. Rd3 Nc1 63. Rc3 1-0

[Event "Lloyds Bank Masters 18th"]
[Site "London"]
[Date "1994.08.29"]
[Round "10"]
[White "Kumaran, Dharshan"]
[Black "Chernin, Alexander"]
[Result "1-0"]
[WhiteElo "2495"]
[BlackElo "2615"]
[PlyCount "75"]
[EventDate "1994.08.20"]
[EventType "swiss"]
[EventRounds "10"]
[EventCountry "ENG"]
[SourceTitle "BritBase"]

1. d4 Nf6 2. c4 c5 3. d5 b5 4. cxb5 a6 5. b6 Qxb6 6. Nc3 g6 7. e4 d6 8. Nf3 Bg7
9. Be2 O-O 10. Nd2 Nbd7 11. Nc4 Qb8 12. a4 Nb6 13. Na3 Bd7 14. a5 Nc8 15. O-O
Ne8 16. Nc4 Nc7 17. Na4 Nb5 18. Be3 Nd4 19. Bd3 Bb5 20. Nab6 Bxc4 21. Nxc4 Ra7
22. f4 Rb7 23. Kh1 Qc7 24. f5 Rb5 25. Ra2 Na7 26. Nb6 Rb4 27. Bd2 Rxb6 28. axb6
Qxb6 29. Rxa6 Qb7 30. fxg6 hxg6 31. Bc3 Nc8 32. Qa4 Be5 33. Ra8 Kg7 34. Bxd4
Bxd4 35. Qc6 Qb3 36. Rf3 Nb6 37. Rxf8 Kxf8 38. Bb5 1-0

[Event "Lloyds Bank Masters 18th"]
[Site "London"]
[Date "1994.08.29"]
[Round "10"]
[White "Law, Andrew P"]
[Black "Mah, Karl"]
[Result "1/2-1/2"]
[WhiteElo "2375"]
[BlackElo "2175"]
[PlyCount "97"]
[EventDate "1994.08.20"]
[EventType "swiss"]
[EventRounds "10"]
[EventCountry "ENG"]
[SourceTitle "BritBase"]

1. d4 Nf6 2. c4 g6 3. Nc3 Bg7 4. e4 d6 5. Nf3 O-O 6. h3 e5 7. d5 a5 8. Be3 Na6
9. Nd2 Nc5 10. g4 c6 11. Be2 Bd7 12. g5 Ne8 13. Nb3 Nxb3 14. Qxb3 c5 15. Bg4 f5
16. gxf6 Nxf6 17. Be6+ Bxe6 18. dxe6 Rb8 19. O-O-O Qe7 20. Qb6 Qxe6 21. b3 Qc8
22. Rxd6 Rf7 23. Rd3 Nd7 24. Qe6 Nf8 25. Qxc8 Rxc8 26. Rd6 Rf6 27. Rhd1 Rc6 28.
Rxc6 Rxc6 29. Rd8 b6 30. Nd5 Kf7 31. Kb2 Bf6 32. Rb8 Nd7 33. Rb7 Ke6 34. Ka3
Bd8 35. Ka4 Rd6 36. Kb5 g5 37. Ra7 h6 38. Ra8 Nf6 39. f3 Ne8 40. Ra7 Nf6 41.
Bd2 Nd7 42. Bc3 h5 43. a3 Nf6 44. b4 g4 45. hxg4 cxb4 46. axb4 hxg4 47. Nxf6
Bxf6 48. fxg4 Rd3 49. Be1 1/2-1/2

[Event "Lloyds Bank Masters 18th"]
[Site "London"]
[Date "1994.08.29"]
[Round "10"]
[White "Lewis, Andrew P"]
[Black "Davies, Nigel R"]
[Result "0-1"]
[WhiteElo "2300"]
[BlackElo "2510"]
[PlyCount "70"]
[EventDate "1994.08.20"]
[EventType "swiss"]
[EventRounds "10"]
[EventCountry "ENG"]
[SourceTitle "BritBase"]

1. c4 e5 2. g3 c6 3. Nf3 e4 4. Nd4 d5 5. Bg2 dxc4 6. Nc2 Nf6 7. Nc3 Bc5 8. Ne3
Bxe3 9. fxe3 Na6 10. b3 cxb3 11. Ba3 bxa2 12. O-O Be6 13. Qc2 Qa5 14. Qb2 Qb6
15. Qc1 Nc5 16. Nd5 Bxd5 17. Bxc5 Qb3 18. Bd4 O-O-O 19. d3 exd3 20. exd3 Bxg2
21. Kxg2 Qxd3 22. Qc5 Qe2+ 23. Kg1 Ng4 24. Qh5 Rd5 25. Qh3 Rxd4 26. exd4 Qe3+
27. Kh1 Qe4+ 28. Kg1 Qxd4+ 29. Kh1 Qd5+ 30. Kg1 f5 31. Qh5 g6 32. Qg5 Qd4+ 33.
Kh1 Qe4+ 34. Kg1 Ne3 35. Rf2 Qb1+ 0-1

[Event "Lloyds Bank Masters 18th"]
[Site "London"]
[Date "1994.08.29"]
[Round "10"]
[White "Martin, Benjamin"]
[Black "Mestel, A Jonathan"]
[Result "0-1"]
[WhiteElo "2355"]
[BlackElo "2520"]
[PlyCount "70"]
[EventDate "1994.08.20"]
[EventType "swiss"]
[EventRounds "10"]
[EventCountry "ENG"]
[SourceTitle "BritBase"]

1. e4 c5 2. Nf3 d6 3. d4 cxd4 4. Nxd4 Nf6 5. Nc3 g6 6. Be3 Bg7 7. f3 O-O 8. Qd2
Nc6 9. Bc4 Bd7 10. O-O-O Rc8 11. Bb3 Ne5 12. h4 h5 13. Bg5 Rc5 14. Kb1 Re8 15.
g4 hxg4 16. h5 Nxh5 17. Nd5 Rxd5 18. exd5 Nxf3 19. Nxf3 gxf3 20. Rdg1 Bf5 21.
Qe3 Qb6 22. Qxf3 Qd4 23. Bc1 Be4 24. Qh3 Bxh1 25. Rxh1 Qe4 26. Rf1 f5 27. Rg1
Kf7 28. Qf1 a6 29. Bc4 Rc8 30. Bb3 Be5 31. Ka1 Rh8 32. Qd1 Nf6 33. c3 Rh2 34.
Re1 Qg4 35. Qd3 Qg3 0-1

[Event "Lloyds Bank Masters 18th"]
[Site "London"]
[Date "1994.08.29"]
[Round "10"]
[White "McDonald, Neil R"]
[Black "McMahon, Daire"]
[Result "1-0"]
[WhiteElo "2420"]
[BlackElo "2240"]
[PlyCount "75"]
[EventDate "1994.08.20"]
[EventType "swiss"]
[EventRounds "10"]
[EventCountry "ENG"]
[SourceTitle "BritBase"]

1. e4 e5 2. Nf3 Nc6 3. Bb5 Nf6 4. O-O Bc5 5. Nxe5 Nxe5 6. d4 a6 7. Ba4 Nxe4 8.
Qe2 Be7 9. Qxe4 Ng6 10. Nc3 O-O 11. Nd5 Bd6 12. c4 c6 13. Nc3 Be7 14. Bb3 d6
15. Bd2 Bd7 16. f4 f5 17. Qd3 Kh8 18. a4 a5 19. Kh1 Qb6 20. Ne2 Rae8 21. Rae1
Bf6 22. Bc2 Bc8 23. Bc3 Qc7 24. Ng3 d5 25. Rxe8 Rxe8 26. cxd5 cxd5 27. Qd2 b6
28. Nxf5 Nf8 29. Ne3 Ba6 30. Rf2 Qd7 31. Bb3 Qe6 32. Rf3 Bb7 33. h3 h5 34. Qd3
g5 35. fxg5 Bxg5 36. Bc2 Qe4 37. Qf1 Qe7 38. Rf7 1-0

[Event "Lloyds Bank Masters 18th"]
[Site "London"]
[Date "1994.08.29"]
[Round "10"]
[White "Mithrakanth, Poorna Sharma"]
[Black "Buckley, Graeme"]
[Result "1-0"]
[WhiteElo "2460"]
[BlackElo "2295"]
[PlyCount "85"]
[EventDate "1994.08.20"]
[EventType "swiss"]
[EventRounds "10"]
[EventCountry "ENG"]
[SourceTitle "BritBase"]

1. e4 c5 2. Nf3 d6 3. d4 cxd4 4. Nxd4 Nf6 5. Nc3 e6 6. g4 a6 7. g5 Nfd7 8. f4
Nc6 9. Be3 Be7 10. Qd2 O-O 11. O-O-O Nxd4 12. Bxd4 b5 13. Rg1 Re8 14. f5 Bf8
15. fxe6 fxe6 16. Bh3 g6 17. Qf2 Qc7 18. Rdf1 Ne5 19. Rg3 b4 20. Na4 Bb7 21.
Bxe5 dxe5 22. Rf3 Qd8 23. Qh4 Bg7 24. Nc5 Bc8 25. Rf7 Qd4 26. Rc7 Qe3+ 27. Kb1
Kh8 28. b3 a5 29. Rff7 Rg8 30. Nd3 Qe2 31. Qh6 Qd1+ 32. Nc1 Bd7 33. Rcxd7 Qxd7
34. Rxd7 Bxh6 35. gxh6 g5 36. Nd3 Rgd8 37. Rf7 a4 38. bxa4 Rxa4 39. Bxe6 Ra6
40. Re7 g4 41. Nxe5 Rf8 42. Nf7+ Kg8 43. Ng5+ 1-0

[Event "Lloyds Bank Masters 18th"]
[Site "London"]
[Date "1994.08.29"]
[Round "10"]
[White "Moskovic, David M"]
[Black "Summerscale, Aaron"]
[Result "0-1"]
[WhiteElo "2065"]
[BlackElo "2440"]
[PlyCount "98"]
[EventDate "1994.08.20"]
[EventType "swiss"]
[EventRounds "10"]
[EventCountry "ENG"]
[SourceTitle "BritBase"]

1. e4 c5 2. Nf3 d6 3. d4 cxd4 4. Nxd4 Nf6 5. Nc3 a6 6. Be2 e5 7. Nb3 Be7 8. O-O
O-O 9. Be3 Be6 10. a4 Nbd7 11. Qd2 Rc8 12. Rfd1 Qc7 13. f3 Rfe8 14. a5 Bf8 15.
Nc1 h6 16. Bf1 Red8 17. Qf2 Qc6 18. N1e2 d5 19. exd5 Bxd5 20. h3 Be6 21. f4 Nd5
22. Nxd5 Bxd5 23. Nc3 Bc4 24. Kh1 Bxf1 25. Rxf1 Re8 26. fxe5 Nxe5 27. Bd4 Qg6
28. Qf5 Qxf5 29. Rxf5 Nc4 30. b3 Ne3 31. Bxe3 Rxc3 32. Bb6 Rxc2 33. Rd1 f6 34.
Rfd5 Re7 35. Rd8 Rce2 36. Bc5 Re8 37. Bb6 Bb4 38. R1d7 Rxd8 39. Bxd8 Rd2 40.
Rxb7 Rd1+ 41. Kh2 Bd6+ 42. g3 Rd2+ 43. Kh1 Bxg3 44. Be7 f5 45. Bb4 Rd3 46. Bc5
f4 47. Kg2 Bh4 48. Rb8+ Kh7 49. Rf8 Bf6 0-1

[Event "Lloyds Bank Masters 18th"]
[Site "London"]
[Date "1994.08.29"]
[Round "10"]
[White "Parker, Jonathan"]
[Black "Marusenko, Petr"]
[Result "0-1"]
[WhiteElo "2400"]
[BlackElo "2235"]
[PlyCount "68"]
[EventDate "1994.08.20"]
[EventType "swiss"]
[EventRounds "10"]
[EventCountry "ENG"]
[SourceTitle "BritBase"]

1. d4 f5 2. e4 fxe4 3. Nc3 Nf6 4. Bg5 Nc6 5. d5 Ne5 6. Qd4 Nf7 7. h4 c6 8.
O-O-O Qb6 9. Bxf6 gxf6 10. Qxe4 Qxf2 11. Nf3 Bh6+ 12. Kb1 Qe3 13. Qg4 d6 14.
Qh5 Qf4 15. dxc6 bxc6 16. Qa5 Bd7 17. Bd3 Rb8 18. a3 Qe3 19. Bc4 Ne5 20. Nxe5
fxe5 21. Na4 Qxa3 22. Qc7 Qb4 23. Be2 Rg8 24. Bh5+ Rg6 25. Bxg6+ hxg6 26. h5
Rb7 27. Rh4 Qb5 28. Qxb7 Qxb7 29. hxg6 Bg7 30. g4 Qb4 31. Rdh1 Be6 32. b3 e4
33. Rh7 Be5 34. g7 Qa3 0-1

[Event "Lloyds Bank Masters 18th"]
[Site "London"]
[Date "1994.08.29"]
[Round "10"]
[White "Rahal, Michael A"]
[Black "Anderton, Matthew"]
[Result "1-0"]
[WhiteElo "2335"]
[BlackElo "2170"]
[PlyCount "83"]
[EventDate "1994.08.20"]
[EventType "swiss"]
[EventRounds "10"]
[EventCountry "ENG"]
[SourceTitle "BritBase"]

1. e4 e6 2. d4 d5 3. Nd2 Nf6 4. e5 Nfd7 5. Bd3 c5 6. c3 Nc6 7. Ne2 Qb6 8. O-O
cxd4 9. cxd4 f6 10. exf6 Nxf6 11. Nf3 Bd6 12. Nc3 O-O 13. a3 Bd7 14. Be3 Be8
15. Ne5 Bxe5 16. dxe5 Qxb2 17. exf6 Qxc3 18. fxg7 Qxg7 19. Qd2 Ne5 20. Be2 Nf3+
21. Bxf3 Rxf3 22. Bd4 e5 23. Bxe5 Qxe5 24. gxf3 Bh5 25. Qe3 Qf5 26. h4 Re8 27.
Qg5+ Qxg5+ 28. hxg5 Bxf3 29. Rfe1 Rf8 30. Re7 Rf7 31. Rxf7 Kxf7 32. Kh2 d4 33.
Kg3 Be2 34. Kf4 Kg6 35. Rh1 Bc4 36. Rh6+ Kg7 37. Rd6 d3 38. Rd7+ Kg6 39. Rxb7
a6 40. Rb6+ Kf7 41. Rd6 Ke7 42. Rd4 1-0

[Event "Lloyds Bank Masters 18th"]
[Site "London"]
[Date "1994.08.29"]
[Round "10"]
[White "Regan, Natasha"]
[Black "Holland, Christopher"]
[Result "1/2-1/2"]
[WhiteElo "2115"]
[BlackElo "2265"]
[PlyCount "55"]
[EventDate "1994.08.20"]
[EventType "swiss"]
[EventRounds "10"]
[EventCountry "ENG"]
[SourceTitle "BritBase"]

1. e4 c5 2. d4 cxd4 3. c3 dxc3 4. Nxc3 Nc6 5. Nf3 e6 6. Bc4 d6 7. O-O Nge7 8.
Bg5 a6 9. Nd4 h6 10. Be3 Nxd4 11. Qxd4 Nc6 12. Qd2 b5 13. Bb3 Be7 14. Qe2 Bb7
15. f4 Na5 16. Bc2 Nc4 17. Bc1 Bf6 18. Kh1 Rc8 19. f5 O-O 20. Bb3 Bxc3 21. bxc3
Qf6 22. Bf4 Rfe8 23. Bxd6 Nxd6 24. fxe6 Qxc3 25. exf7+ Kh8 26. fxe8=Q+ Rxe8 27.
Rac1 Qe5 28. Bc2 1/2-1/2

[Event "Lloyds Bank Masters 18th"]
[Site "London"]
[Date "1994.08.29"]
[Round "10"]
[White "Rossiter, Philip J"]
[Black "James, David J"]
[Result "1-0"]
[WhiteElo "2380"]
[BlackElo "2260"]
[PlyCount "31"]
[EventDate "1994.08.20"]
[EventType "swiss"]
[EventRounds "10"]
[EventCountry "ENG"]
[SourceTitle "BritBase"]

1. e4 c5 2. Nf3 d6 3. d4 cxd4 4. Nxd4 Nf6 5. Nc3 a6 6. a4 g6 7. Be2 Bg7 8. Be3
Nc6 9. Nb3 Na5 10. e5 Ng8 11. Nd5 Nxb3 12. cxb3 Be6 13. Bb6 Qc8 14. Nc7+ Kf8
15. Nxa8 Qxa8 16. exd6 1-0

[Event "Lloyds Bank Masters 18th"]
[Site "London"]
[Date "1994.08.29"]
[Round "10"]
[White "Rotman, Daniel"]
[Black "Basman, Michael John"]
[Result "1-0"]
[WhiteElo "2240"]
[BlackElo "2375"]
[PlyCount "163"]
[EventDate "1994.08.20"]
[EventType "swiss"]
[EventRounds "10"]
[EventCountry "ENG"]
[SourceTitle "BritBase"]

1. e4 h6 2. d4 a6 3. c4 c5 4. Nf3 g5 5. dxc5 Bg7 6. Nc3 Nc6 7. Be3 Nf6 8. Nd2
d6 9. cxd6 Qxd6 10. c5 Qc7 11. Be2 Be6 12. O-O Rd8 13. Qa4 h5 14. f3 h4 15. Bc4
Nh5 16. Bxe6 fxe6 17. Nc4 Nf4 18. e5 O-O 19. Ne4 Nxe5 20. Nxg5 Ned3 21. Qc2 Rf5
22. Bxf4 Qxc5+ 23. Be3 Qc6 24. Rad1 Rfd5 25. Ne4 Nxb2 26. Rc1 Nd3 27. Rb1 Rc8
28. Qb3 b5 29. Ncd2 a5 30. Qd1 b4 31. Qe2 a4 32. Nf2 Qc2 33. Nxd3 Qxd3 34. Rfe1
b3 35. Nxb3 axb3 36. Qxd3 Rxd3 37. Rxb3 Rd5 38. Re2 h3 39. gxh3 Kf7 40. Kf2 Rh5
41. Bf4 Bd4+ 42. Kg2 Ra5 43. Rd3 Rc4 44. Bg3 Rca4 45. h4 Rxa2 46. Rxa2 Rxa2+
47. Kh3 e5 48. Rd1 Ra8 49. Re1 Kf6 50. Re4 Rh8 51. Rg4 Be3 52. Bxe5+ Kxe5 53.
Re4+ Kf5 54. Rxe3 e5 55. Re4 Ra8 56. Kg3 Ra1 57. h5 Rg1+ 58. Kf2 Ra1 59. h6 Kg6
60. Rxe5 Kxh6 61. Rb5 Kg6 62. h4 Ra4 63. Kg3 Rc4 64. Re5 Ra4 65. Re4 Ra6 66.
Kg4 Rb6 67. Ra4 Rc6 68. Ra5 Rb6 69. f4 Rc6 70. Rg5+ Kh6 71. h5 Ra6 72. Re5 Rb6
73. Re4 Ra6 74. f5 Kg7 75. Kg5 Kg8 76. Re7 Rb6 77. Ra7 Rc6 78. h6 Rb6 79. f6
Rb1 80. f7+ Kf8 81. h7 Rg1+ 82. Kf4 1-0

[Event "Lloyds Bank Masters 18th"]
[Site "London"]
[Date "1994.08.29"]
[Round "10"]
[White "Sakhatova, Elvira->Berend"]
[Black "Sareen, Vishal"]
[Result "1/2-1/2"]
[WhiteElo "2300"]
[BlackElo "2310"]
[PlyCount "122"]
[EventDate "1994.08.20"]
[EventType "swiss"]
[EventRounds "10"]
[EventCountry "ENG"]
[SourceTitle "BritBase"]

1. d4 d6 2. Nf3 g6 3. g3 Bg7 4. Bg2 Nf6 5. O-O O-O 6. c4 c6 7. Nc3 Qa5 8. h3 e5
9. e4 Na6 10. Be3 exd4 11. Nxd4 Nc5 12. Nb3 Nxb3 13. axb3 Qc7 14. Qd2 Be6 15.
f4 Qd7 16. g4 Qe7 17. f5 Bd7 18. g5 Ne8 19. f6 Nxf6 20. gxf6 Bxf6 21. Bf4 Be5
22. Rad1 Rad8 23. Bxe5 dxe5 24. Qd6 Qg5 25. Qf6 Qxf6 26. Rxf6 Be6 27. Rff1 Kg7
28. Rxd8 Rxd8 29. Rd1 Rxd1+ 30. Nxd1 Kf6 31. Kf2 Ke7 32. Ke3 f5 33. exf5 gxf5
34. Nf2 Kd6 35. h4 b6 36. Bf1 Kc5 37. Be2 Kb4 38. Bd1 Kc5 39. Bc2 Kd6 40. b4 a6
41. b3 c5 42. bxc5+ Kxc5 43. Nd3+ Kd6 44. Nb2 Kc5 45. Nd3+ Kd6 46. Kd2 Bf7 47.
Ne1 Be6 48. Ng2 a5 49. Kc3 Kc5 50. Bd3 Kd6 51. Bc2 Kc5 52. Ne3 e4 53. Ng2 b5
54. cxb5 Kxb5 55. Nf4 Bf7 56. Bd1 Kc5 57. h5 h6 58. Ng6 Be6 59. Bc2 Bf7 60. Nf4
Bg8 61. Bd1 Bf7 1/2-1/2

[Event "Lloyds Bank Masters 18th"]
[Site "London"]
[Date "1994.08.29"]
[Round "10"]
[White "Saunders, John C"]
[Black "Pritchett, Craig William"]
[Result "1/2-1/2"]
[WhiteElo "2225"]
[BlackElo "2360"]
[PlyCount "45"]
[EventDate "1994.08.20"]
[EventType "swiss"]
[EventRounds "10"]
[EventCountry "ENG"]
[SourceTitle "BritBase"]

1. e4 c5 2. c3 e6 3. d4 d5 4. exd5 exd5 5. Nf3 Nc6 6. Bb5 Bd6 7. O-O Nge7 8.
Nbd2 O-O 9. dxc5 Bxc5 10. Nb3 Bd6 11. Nbd4 Bg4 12. Be2 Re8 13. Be3 a6 14. Re1
Qc7 15. h3 Bd7 16. Bd3 Ng6 17. Bf5 Nce5 18. Nxe5 Rxe5 19. Bc2 Ree8 20. Qh5 Re5
21. Qd1 Ree8 22. Qh5 Re5 23. Qd1 1/2-1/2

[Event "Lloyds Bank Masters 18th"]
[Site "London"]
[Date "1994.08.29"]
[Round "10"]
[White "Sheldon, Ruth"]
[Black "Sollars, Claude H"]
[Result "0-1"]
[WhiteElo "2120"]
[BlackElo "2210"]
[PlyCount "108"]
[EventDate "1994.08.20"]
[EventType "swiss"]
[EventRounds "10"]
[EventCountry "ENG"]
[SourceTitle "BritBase"]

1. d4 c5 2. d5 d6 3. c4 e5 4. Nc3 Be7 5. e4 a6 6. Bd3 Bg5 7. Nge2 h5 8. Qa4+
Kf8 9. Bxg5 Qxg5 10. Qa5 Qe7 11. a3 Nd7 12. Na4 Ngf6 13. Qd2 g6 14. b4 Kg7 15.
h4 Ne8 16. Ng3 Rb8 17. bxc5 dxc5 18. Rb1 b6 19. Nc3 Nd6 20. f3 b5 21. cxb5 c4
22. Be2 axb5 23. Na2 Ra8 24. Qc3 Qd8 25. Nb4 Qa5 26. Ra1 f6 27. O-O Nc5 28. Kh2
Bd7 29. Qe3 Nb3 30. Ra2 Qa7 31. Qc3 Qd4 32. Qc2 Qe3 33. Nh1 Nd4 34. Qd1 Rxa3
35. Rxa3 Qxa3 36. Nc2 Qb2 37. Nxd4 exd4 38. Qe1 d3 39. Bd1 Ra8 40. f4 Ra1 41.
e5 fxe5 42. fxe5 Rxd1 43. Qxd1 Qxe5+ 44. Kg1 Bg4 45. Qd2 Qd4+ 46. Kh2 Qe5+ 47.
Kg1 Nf5 48. Qa5 Qxd5 49. Qc7+ Qf7 50. Qe5+ Qf6 51. Qc7+ Qe7 52. Qb8 d2 53. Nf2
Ne3 54. Nxg4 Nxf1 0-1

[Event "Lloyds Bank Masters 18th"]
[Site "London"]
[Date "1994.08.29"]
[Round "10"]
[White "Turner, Matthew"]
[Black "Bates, Richard"]
[Result "1/2-1/2"]
[WhiteElo "2395"]
[BlackElo "2285"]
[PlyCount "133"]
[EventDate "1994.08.20"]
[EventType "swiss"]
[EventRounds "10"]
[EventCountry "ENG"]
[SourceTitle "BritBase"]

1. e4 c5 2. Nc3 Nc6 3. g3 g6 4. Bg2 Bg7 5. d3 d6 6. f4 Rb8 7. Nf3 Nh6 8. O-O
Nd4 9. h3 f5 10. Nxd4 cxd4 11. Ne2 O-O 12. c3 e5 13. fxe5 dxe5 14. cxd4 exd4
15. Bf4 Ra8 16. Qc1 Nf7 17. exf5 Bxf5 18. Qd1 h5 19. Qb3 Qd7 20. Kh2 Rae8 21.
Ng1 Re6 22. Rf2 Rb6 23. Qd1 Ne5 24. Bf1 Qd5 25. b3 Bd7 26. Qd2 Rff6 27. Bg2 Qb5
28. a4 Qxb3 29. Rff1 Qxd3 30. Qa2+ Kh7 31. Rfd1 Qf5 32. Rxd4 Bc6 33. Re1 Nd3
34. Re7 Nxf4 35. Rxf4 Qc5 36. Re2 Bxg2 37. Rxf6 Rxf6 38. Rxg2 b6 39. h4 Qd6 40.
Nh3 Bh6 41. Ng5+ Bxg5 42. hxg5 Rf3 43. Qe2 Rxg3 44. Rxg3 h4 45. Kh1 hxg3 46.
Qf3 Qc7 47. Kg2 a6 48. Qe2 Qc5 49. Qxa6 Qd5+ 50. Kxg3 Qxg5+ 51. Kf3 Qf6+ 52.
Kg4 Qd4+ 53. Kg5 Qc5+ 54. Kg4 Kh6 55. Qb7 Qd4+ 56. Kg3 Qg1+ 57. Kh3 Qe3+ 58.
Kg4 Qe6+ 59. Kg3 Qb3+ 60. Kg2 Qe3 61. Qb8 g5 62. Qh8+ Kg6 63. Qg8+ Kf6 64. Qf8+
Ke5 65. Qe7+ Kd4 66. Qb4+ Kd5 67. a5 1/2-1/2